CIM (Record no. 7515)

000 -LEADER
fixed length control field 00468nam a2200193 4500
001 - CONTROL NUMBER
control field 7515
003 - CONTROL NUMBER IDENTIFIER
control field BD-DhUET
008 - FIXED-LENGTH DATA ELEMENTS--GENERAL INFORMATION
fixed length control field 141210b xxu||||| |||| 00| 0 eng d
020 ## - INTERNATIONAL STANDARD BOOK NUMBER
International Standard Book Number 3800915839
040 ## - CATALOGING SOURCE
Transcribing agency 0
Modifying agency BD-DhUET
082 ## - DEWEY DECIMAL CLASSIFICATION NUMBER
Classification number 001.6424
Item number CIM/1990
110 ## - MAIN ENTRY--CORPORATE NAME
Corporate name or jurisdiction name as entry element Siemens Aktiengesellschaft
245 ## - TITLE STATEMENT
Title CIM
Remainder of title a management perspective
250 ## - EDITION STATEMENT
Edition statement 1st ed.
260 ## - PUBLICATION, DISTRIBUTION, ETC. (IMPRINT)
Place of publication, distribution, etc. Burlin
Name of publisher, distributor, etc. Siemens Aktiengesellschaft
Date of publication, distribution, etc. 1990
300 ## - PHYSICAL DESCRIPTION
Extent 220p.
650 #0 - SUBJECT ADDED ENTRY--TOPICAL TERM
Topical term or geographic name as entry element CIM
942 ## - ADDED ENTRY ELEMENTS (KOHA)
Koha item type Corporate Publication
Holdings
Lost status Koha item type Koha full call number Koha date last seen Withdrawn status Sublocation or collection (holding branch) Damaged status Piece designation (barcode) Date acquired Not for loan Location (home branch) Copy number Source of classification or shelving scheme Shelving location Koha normalized classification for sorting Price effective from
 Corporate Publication001.6424/CIM/19902014-12-10 Central Library, BUET 853432014-12-10 Central Library, BUET1 Circulation section001_642400000000000_CIM_19902014-12-10
 Corporate Publication001.6424/CIM/19902014-12-10 Central Library, BUET 853442014-12-10 Central Library, BUET2 Circulation section001_642400000000000_CIM_19902014-12-10